000 00680nam a2200229 a 4500
001 000016979
003 DO-SdBNP
005 20250409135853.0
007 ta
008 100312s1992 dr 000 0 spa d
040 _aDO-SdBNP
_bspa
_cBNPHU
082 _axxx
_bS623a
_222
245 1 0 _aSituación y alternativas de atención y formación de educadores y educadoras del nivel inicial en la República Dominicana.
250 _a18a ed.
260 _aSanto Domingo :
_bImpretur,
_c1992.
300 _a104 p. ;
_c21 cm.
490 1 _aPlan de educativo
_v18
590 _aInventariado, 2023 / DG
830 0 _aPlan de educativo
_n18
_937524
910 _aDG
942 _2ddc
_cLBS1
999 _c16509
_d16509